Footballers scored hat-trick in El Clasico - Statistics

General Stats
  • This quiz has been taken 87 times
  • The average score is 4 of 12
Answers on the Grid
Answers color-coded by a green-red scale on the quiz's grid according to % correct below.
Cristiano Ronaldo
Neymar Jr
Lionel Messi
Ronaldinho
David Villa
Romario
Ivan Zamorano
Luis Suárez
Zinedine Zidane
Ronaldo Nazário
Raúl González
Ferenc Puskás
Samuel Eto’o
Cesar Rodriguez
Gonzalo Higuaín
Amancio
Vinicius Junior
Ángel Di María
Julio Baptista
Evaristo
Henrik Larsson
Robben
Kylian Mbappe
Santiago Bernabeu
Sabino Barinaga
Thierry Henry
Pedro Rodríguez
Gareth Bale
Fernando Morientes
Juan Ramon
 
Answer Stats
Answer % Correct
Lionel Messi
95%
Kylian Mbappe
46%
Ferenc Puskás
41%
Luis Suárez
41%
Romario
32%
Vinicius Junior
27%
Santiago Bernabeu
24%
Ivan Zamorano
19%
Cesar Rodriguez
16%
Juan Ramon
14%
Sabino Barinaga
14%
Amancio
11%
No matching quizzes found
Score Distribution
Percent of People with Each Score
Percentile by Number Answered
Your Score History
You have not taken this quiz